Chanan De Najara / (Record no. 524884)

000 -LEADER
fixed length control field 00466nam a22001697a 4500
003 - CONTROL NUMBER IDENTIFIER
control field NUST
038 ## - RECORD CONTENT LICENSOR
Staff Name waseem
082 ## - DEWEY DECIMAL CLASSIFICATION NUMBER
Classification number 891.42
Author Mark TAH
100 ## - MAIN ENTRY--PERSONAL NAME
Personal name Tahie, Ahsan Ullah
9 (RLIN) 15682
245 ## - TITLE STATEMENT
Title Chanan De Najara /
Statement of responsibility, etc. Tahir, Ahsan Ullah
260 ## - PUBLICATION, DISTRIBUTION, ETC.
Place of publication, distribution, etc. Gujranwala :
Name of publisher, distributor, etc. Waris Preet Parwar,
Date of publication, distribution, etc. 2011.
300 ## - PHYSICAL DESCRIPTION
Extent 336 p. ;
500 ## - GENERAL NOTE
General note Hardcover.
880 ## - ALTERNATE GRAPHIC REPRESENTATION
Linkage 100-01\r
Title احسان اللہ طایر
880 ## - ALTERNATE GRAPHIC REPRESENTATION
Linkage 245-02\r
Title چانن دا ونجارا /
942 ## - ADDED ENTRY ELEMENTS (KOHA)
Source of classification or shelving scheme
Koha item type Book
Holdings
Withdrawn status Lost status Source of classification or shelving scheme Damaged status Not for loan Permanent Location Current Location Shelving location Date acquired Total Checkouts Full call number Barcode Date last seen Price effective from Koha item type
          Central Library (CL) Central Library (CL) Punjabi Literature 06/27/2019   891.42 TAH CL-E-630 06/27/2019 06/27/2019 Book
© 2023 Central Library, National University of Sciences and Technology. All Rights Reserved.